| 000 | 00773cam a2200265 a 4500 | ||
|---|---|---|---|
| 001 | 214 | ||
| 003 | BR-CuiBMT | ||
| 005 | 20231118000055.0 | ||
| 008 | 230830s2021 mgb 000 0 por d | ||
| 020 | _a9786555181821 | ||
| 040 |
_aBR-CuiBMT _cBR-CuiBMT |
||
| 080 |
_22007 _a340.12 |
||
| 090 |
_a340.12 _bC972f _c2. ed. |
||
| 100 | 1 |
_aCunha, Paulo Ferreira da, _d1959- |
|
| 245 | 1 | 0 |
_aFilosofia do direito e do Estado / _cPaulo Ferreira da Cunha. |
| 250 | _a2. ed., rev., ampl. e atual. | ||
| 260 |
_aBelo Horizonte : _bFórum, _c2021. |
||
| 300 |
_a716 p. ; _c24 cm |
||
| 504 | _aInclui bibliografia. | ||
| 650 |
_aDireito _xAspectos teóricos |
||
| 650 |
_aDireito _xFilosofia |
||
| 650 |
_aPolítica _xFilosofia |
||
| 650 | _aTeoria geral do Estado | ||
| 942 |
_2udc _cLV |
||
| 999 |
_c214 _d214 |
||